logo

Bir Sreshtho Munshi Abdur Rouf Library
Jhenaidah Cadet College

Health education / (Record no. 6220)

MARC details
000 -LEADER
fixed length control field 01160cam a2200313 a 4500
001 - CONTROL NUMBER
JCCL Control Number 6220
003 - CONTROL NUMBER IDENTIFIER
JCCL marc code BD-JhCC
005 - DATE AND TIME OF LATEST TRANSACTION
control field 20180117105841.0
008 - FIXED-LENGTH DATA ELEMENTS--GENERAL INFORMATION
fixed length control field 850607s1985 weaa b s000 0 eng d
020 ## - INTERNATIONAL STANDARD BOOK NUMBER
International Standard Book Number 0724498370
Terms of availability $3.00 Aust.
035 ## - SYSTEM CONTROL NUMBER
system control number (BD-JhCC)6220
035 ## - SYSTEM CONTROL NUMBER
system control number 97268
040 ## - CATALOGING SOURCE
Original cataloging agency ANB
Transcribing agency ANB
Modifying agency DBM:A
-- BD-JhCC
041 ## - LANGUAGE CODE
Language code of Book eng
082 04 - DEWEY DECIMAL CLASSIFICATION NUMBER
Classification number 613/.07/10941
DDC Edition number 20
Author mark and Year HEL 2010
245 00 - TITLE STATEMENT
Title Health education /
Statement of responsibility, etc Sakat Rahman Tiwari...[et. all.].
Remainder of title (Modified Syllabus of Indian Universitys/ Training Institute and College.
260 ## - PUBLICATION, DISTRIBUTION, ETC. (IMPRINT)
Place of publication, distribution, etc New Delhi :
Name of publisher, distributor, etc A P H Publishing Corporation,
Date of publication, distribution, etc 2010.
300 ## - PHYSICAL DESCRIPTION
Pagination 228 p. :
Dimensions 26 cm.
504 ## - BIBLIOGRAPHY, ETC. NOTE
Bibliography, etc Bibliography: p. 59-61.
650 #0 - SUBJECT ADDED ENTRY--TOPICAL TERM
Topical term or geographic name as entry element Health education
General subdivision Outlines, syllabi, etc.
650 #0 - SUBJECT ADDED ENTRY--TOPICAL TERM
Topical term or geographic name as entry element Health education
Geographic subdivision Western Australia.
650 #0 - SUBJECT ADDED ENTRY--TOPICAL TERM
Topical term or geographic name as entry element Physical education for children
Form subdivision Outlines, syllabi, etc.
650 #2 - SUBJECT ADDED ENTRY--TOPICAL TERM
Topical term or geographic name as entry element Health education
Geographic subdivision Western Australia.
650 #2 - SUBJECT ADDED ENTRY--TOPICAL TERM
Topical term or geographic name as entry element Physical education and training
Geographic subdivision Western Australia.
710 1# - ADDED ENTRY--CORPORATE NAME
Corporate name or jurisdiction name as entry element Western Australia.
Subordinate unit Education Department
-- Curriculum Branch.
710 1# - ADDED ENTRY--CORPORATE NAME
Corporate name or jurisdiction name as entry element Western Australia.
Subordinate unit Physical and Health Education Branch.
942 ## - ADDED ENTRY ELEMENTS (KOHA)
Source of classification or shelving scheme Dewey Decimal Classification
Koha item type Books
Holdings
Source of classification or shelving scheme Damaged status Not for loan Home library Current library Shelving location Total Checkouts Full call number Barcode Date last seen Copy number Koha item type
Dewey Decimal Classification     JCC Rouf Library JCC Rouf Library General Stacks   613/.07/10941 HEL 2010 7900 01/17/2018 C - 1 Books

JCC Library | Contacts | JCC Home

Last Update on 23 September 2017
Copyright @ 2017-2020 JCC Rouf Library
Rouf Library, Jhenidah Cadet College (JCC), Bangladesh